[Event "Ekaterinburg"]
[Site "Ekaterinburg"]
[Date "2008.05.18"]
[Round "5"]
[White "Spirlin, Maxim"]
[Black "Fer, Vadim"]
[Result "0-1"]
[WhiteElo "2019"]
[BlackElo "2199"]
[PlyCount "72"]
[EventDate "2008.05.16"]
[EventType "tourn"]
[EventRounds "11"]
[EventCountry "RUS"]
[EventCategory "1"]
[SourceTitle "CBM 124 Extra"]
[Source "ChessBase"]
[SourceDate "2008.07.03"]
[SourceVersion "1"]
[SourceVersionDate "2008.07.03"]
[SourceQuality "1"]

1. d4 d5 2. c4 e6 3. Nf3 Nf6 4. Bg5 c6 5. e3 Nbd7 6. Nc3 Qa5 7. Qc2 Ne4 8. cxd5 exd5 9. Bd3 Nxg5 10. Nxg5 h6 11. Nf3 Bd6 12. 0-0 Nf6 13. Ne5 Bxe5 14. dxe5 Ng4 15. e4 dxe4 16. Bxe4 Qxe5 17. Bxc6+ Kf8 18. Rfd1 Qxh2+ 19. Kf1 Qh1+ 20. Ke2 Qh4 21. g3 Qf6 22. Bf3 Nh2 23. Qd3 Bg4 24. Bxg4 Re8+ 25. Kd2 Nxg4 26. Kc2 Qxf2+ 27. Kb1 Ne3 28. Rc1 Qxg3 29. a3 g5 30. Ka2 Qe5 31. Rab1 h5 32. Ka1 h4 33. Nd1 g4 34. Nxe3 Qxe3 35. Qxe3 Rxe3 36. Rc7 Re7 0-1

[Event "Ekaterinburg"]
[Site "Ekaterinburg"]
[Date "2007.10.04"]
[Round "1"]
[White "Spirlin, Maxim"]
[Black "Motyliov, Anatoly"]
[Result "0-1"]
[WhiteElo "2034"]
[BlackElo "2236"]
[PlyCount "70"]
[EventDate "2007.10.04"]
[EventType "tourn"]
[EventRounds "11"]
[EventCountry "RUS"]
[EventCategory "1"]
[SourceTitle "EXT 2009"]
[Source "ChessBase"]
[SourceDate "2008.11.26"]
[SourceVersion "1"]
[SourceVersionDate "2008.11.26"]
[SourceQuality "1"]

1. d4 Nf6 2. Nf3 c5 3. d5 d6 4. Nc3 e5 5. e4 g6 6. Be2 Bg7 7. 0-0 0-0 8. Nd2 Ne8 9. Nc4 f5 10. f3 f4 11. Bd2 Nd7 12. Be1 g5 13. Bf2 h5 14. g4 hxg4 15. fxg4 Ndf6 16. Bf3 Qd7 17. h3 b5 18. Na5 b4 19. Ne2 Ba6 20. a3 Bb5 21. axb4 cxb4 22. Qd2 Rb8 23. Rfe1 a6 24. c4 bxc3 25. Nxc3 Rf7 26. Ra3 Nc7 27. Rb3 Bf8 28. Rc1 Rh7 29. Kg2 Qg7 30. Nc6 Bf1+ 31. Rxf1 Rxb3 32. Qc2 Rb7 33. Be2 Qg6 34. Rh1 Kh8 35. Kf3 Nxg4 0-1